000 00470nam a2200169Ia 4500
008 090201s9999 xx 000 0 und d
010 _aKPL-53081
040 _bमराठी
041 _aमराठी
082 _a14010
_b53081
100 _a भागवत
245 _aभरारी
_c भागवत
260 _c2004
_bदेशमुख पब्लीशर्स
300 _a160
_bमोठा
600 _aभरारी
942 _cBOOK
999 _c214192
_d214192